| 000 | 00718nam a2200229 a 4500 | ||
|---|---|---|---|
| 001 | 000024186 | ||
| 005 | 20200930022806.0 | ||
| 008 | 110120s1973 xxua r 000 | spa d | ||
| 040 |
_aDO-SdBNP _bspa _cBNPHU |
||
| 082 |
_axxx _bL673a |
||
| 100 | 1 |
_aLewis, Ralph M. _941888 |
|
| 245 | 1 | 3 |
_aEl ayer tiene mucho qué decir / _cRalph M. Lewis. |
| 250 | _a2a ed. | ||
| 260 |
_aSan José, California : _bGran Logia Suprema de Amorc, _c1973. |
||
| 300 |
_a405 p. : _ail. ; _a20 cm. |
||
| 490 | 1 |
_aRosicrucian library _v32 |
|
| 500 | _aIncluye referencias bibliográficas | ||
| 500 | _aIncluye glosario de términos | ||
| 710 | 2 |
_aBiblioteca Rosacruz _949670 |
|
| 830 | 0 |
_aRosicrucian library, _v32 _949671 |
|
| 049 | _aBNGR | ||
| 999 |
_c23680 _d23680 |
||